000 00634nam a2200181Ia 4500
008 090630s9999 xx 000 0 und d
082 _b5853
100 _aराजहंस बा. न.
245 _aलोकनायक जयप्रकाश.
_cराजहंस बा. न.
260 _bकॉन्टीनेंटल.
_c1978
300 _a383
600 _aराजहंस बा. न.
630 _aलोकनायक जयप्रकाश.
655 _aचरित्र.
700 _aराजहंस बा. न.
730 _aलोकनायक जयप्रकाश.
942 _cBOOK
999 _c257709
_d257709